000 00363nam a22001337a 4500
020 _a0890067813
040 _cNust
082 _a621.3825
_bELB
100 _aBruce R. Albert
_9127410
245 _aThe satellite communication Handbook
260 _aBoston:
_bArtech House,
_c1997.
650 _aThe satellite communication Handbook
_9127411
942 _2ddc
_cBK
999 _c612541
_d612541